000
00192 a2200109 4500
020
_a
9781740599863
041
_a
spa
100
_a
Kim Grant
245
_a
Florida
942
_c
BK
952
_7
1
999
_c
22208
_d
22208